000 00335nam a2200133Ia 4500
008 220216s9999 xx 000 0 und d
100 _aMila A L
245 0 _aBayesian analysis in plant pathology
260 _bPhytopathology
_c2004
300 _a1027-1030
650 _aBayesian methdology
700 _aCarriquiry A L
942 _cJS
999 _c54674
_d54674